000 00359nam a2200157Ia 4500
005 20250703152140.0
008 240331s9999 xx 000 0 und d
020 _a9559538209
082 _bBAL
_a891
100 _aBalasuriya,S
245 0 _aKaraththaya
260 _bAuthor's Publication
_c1991
300 _a94 p .,
650 _aSinhala Story
942 _cL
999 _c4787
_d4787